[Event "Outaouais-ch A"]
[Site "Hull CAN"]
[Date "1997.05.24"]
[Round "1"]
[White "Cote, Jacques"]
[Black "Arsenault, Michel"]
[Result "1-0"]
[WhiteElo "2090"]
[BlackElo "1840"]
[PlyCount "65"]
[GameId "2160767911965750"]
[EventDate "1997.05.24"]
[EventType "tourn"]
[EventRounds "7"]
[EventCountry "CAN"]

1. e4 c5 2. Nf3 e6 3. d4 cxd4 4. Nxd4 Nf6 5. Nc3 d6 6. Be3 a6 7. Be2 Be7 8. O-O O-O 9. f4 Qc7 10. Kh1 b5 11. e5 dxe5 12. fxe5 Nd5 13. Nxe6 Nxe3 14. Nxc7 Nxd1 15. N3d5 Bg5 16. Nxa8 Nxb2 17. Rab1 Bb7 18. Nac7 Bxd5 19. Nxd5 Rd8 20. Nc3 Nc4 21. Bxc4 bxc4 22. Ne4 Be7 23. Rb7 Kf8 24. Nd6 Bxd6 25. Rfxf7+ Ke8 26. exd6 Nc6 27. Rxg7 Kf8 28. Rxh7 Kg8 29. Rbg7+ Kf8 30. Rc7 Kg8 31. Rcg7+ Kf8 32. d7 a5 33. h4 1-0

[Event "Outaouais-ch A"]
[Site "Hull CAN"]
[Date "1997.05.24"]
[Round "1"]
[White "Groleau, Gilles"]
[Black "Menard, Marc"]
[Result "1-0"]
[WhiteElo "2007"]
[BlackElo "1534"]
[PlyCount "77"]
[GameId "2160767911965751"]
[EventDate "1997.05.24"]
[EventType "tourn"]
[EventRounds "7"]
[EventCountry "CAN"]

1. e4 d5 2. exd5 Nf6 3. d4 Bf5 4. Nf3 c6 5. dxc6 Nxc6 6. Bc4 e6 7. O-O Bd6 8. c3 O-O 9. Bg5 h6 10. Bh4 g5 11. Bg3 Bxg3 12. hxg3 Ne4 13. Nbd2 Qf6 14. Nxe4 Bxe4 15. Bd3 Bh7 16. Re1 Rad8 17. Bxh7+ Kxh7 18. Qc2+ Qg6 19. Qxg6+ Kxg6 20. Ne5+ Nxe5 21. Rxe5 b6 22. f3 Rfe8 23. Rae1 Rf8 24. Kf2 a6 25. g4 Rd6 26. g3 Rfd8 27. f4 Rd5 28. Kf3 b5 29. Rxd5 Rxd5 30. Re5 Rxe5 31. dxe5 f6 32. exf6 Kxf6 33. Ke4 Kg6 34. Ke5 Kf7 35. b3 Ke7 36. a4 Kf7 37. axb5 axb5 38. Kd6 Kf6 39. c4 1-0

[Event "Outaouais-ch A"]
[Site "Hull CAN"]
[Date "1997.05.24"]
[Round "2"]
[White "Arsenault, Michel"]
[Black "Menard, Marc"]
[Result "1-0"]
[WhiteElo "1840"]
[BlackElo "1532"]
[PlyCount "55"]
[GameId "2160767911965752"]
[EventDate "1997.05.24"]
[EventType "tourn"]
[EventRounds "7"]
[EventCountry "CAN"]

1. e4 d5 2. exd5 Nf6 3. d4 g6 4. c4 Bg7 5. Be2 c6 6. dxc6 Nxc6 7. d5 Ne5 8. Nc3 O-O 9. Nf3 Neg4 10. Qb3 Qd6 11. O-O Re8 12. h3 Nh6 13. Be3 e5 14. Nb5 Qe7 15. d6 Qd8 16. Rfd1 e4 17. Ne1 Re5 18. Nc7 Nf5 19. Nxa8 Nxd6 20. Bf4 e3 21. fxe3 Nfe4 22. Nf3 Rf5 23. Bxd6 Nxd6 24. Qd3 Qe7 25. Qxd6 Qxe3+ 26. Kh1 Qxe2 27. Re1 Rf6 28. Qd8+ 1-0

[Event "Outaouais-ch A"]
[Site "Hull CAN"]
[Date "1997.05.24"]
[Round "2"]
[White "Laurin, Jacques"]
[Black "Groleau, Gilles"]
[Result "0-1"]
[WhiteElo "1882"]
[BlackElo "2007"]
[PlyCount "114"]
[GameId "2160767911965753"]
[EventDate "1997.05.24"]
[EventType "tourn"]
[EventRounds "7"]
[EventCountry "CAN"]

1. c4 Nf6 2. Nc3 c5 3. g3 g6 4. Bg2 Bg7 5. b3 Nc6 6. Bb2 O-O 7. Nf3 d6 8. O-O a6 9. e3 Qc7 10. d4 b6 11. Ng5 Rb8 12. Nd5 Nxd5 13. cxd5 Nd8 14. Qc2 h6 15. Nf3 Bb7 16. Nh4 e6 17. dxe6 Nxe6 18. d5 Bxb2 19. Qxb2 Ng7 20. f4 Rbe8 21. e4 Kh7 22. Qc2 Bc8 23. Rae1 f5 24. g4 fxg4 25. e5 Bf5 26. Be4 Qd8 27. Nxf5 gxf5 28. Bg2 Kh8 29. e6 Qf6 30. Qe2 b5 31. Rd1 Re7 32. a4 Rb8 33. Rf2 h5 34. axb5 axb5 35. Qa2 h4 36. Qa6 Ne8 37. Bf1 Reb7 38. Ra2 Qc3 39. Rd3 Qc1 40. Rdd2 Kg7 41. Rac2 Qb1 42. Qa3 Kf6 43. Kf2 g3+ 44. hxg3 hxg3+ 45. Kg2 Qe1 46. Re2 Qb1 47. e7 Nc7 48. Rc1 b4 49. Rxb1 bxa3 50. Kxg3 Rxb3+ 51. Rxb3 Rxb3+ 52. Kh4 Rf3 53. Re6+ Kf7 54. Bb5 Rxf4+ 55. Kh5 Ne8 56. Rh6 Ng7+ 57. Kg5 Rg4# 0-1

[Event "Outaouais-ch A"]
[Site "Hull CAN"]
[Date "1997.05.24"]
[Round "2"]
[White "Trottier, Stephane"]
[Black "Charbonneau, Alain"]
[Result "0-1"]
[WhiteElo "1942"]
[BlackElo "1843"]
[PlyCount "46"]
[GameId "2160767911965754"]
[EventDate "1997.05.24"]
[EventType "tourn"]
[EventRounds "7"]
[EventCountry "CAN"]

1. d4 Nf6 2. c4 e6 3. Nf3 c5 4. e3 d5 5. cxd5 exd5 6. Nc3 Nc6 7. a3 a6 8. dxc5 Bxc5 9. b4 Bd6 10. Be2 O-O 11. O-O b5 12. Bb2 Bb7 13. Qb3 Ne5 14. Nxe5 Bxe5 15. Bf3 Rc8 16. Rac1 Rc4 17. g3 Qe7 18. Rfd1 d4 19. Bxb7 dxc3 20. Bxa6 cxb2 21. Rxc4 bxc4 22. Bxc4 Ne4 23. Rd3 Rc8 0-1

[Event "Outaouais-ch A"]
[Site "Hull CAN"]
[Date "1997.05.25"]
[Round "3"]
[White "Arsenault, Michel"]
[Black "Charbonneau, Alain"]
[Result "1-0"]
[WhiteElo "1840"]
[BlackElo "1843"]
[PlyCount "121"]
[GameId "2160767911965755"]
[EventDate "1997.05.24"]
[EventType "tourn"]
[EventRounds "7"]
[EventCountry "CAN"]

1. e4 c6 2. Nc3 d5 3. Nf3 dxe4 4. Nxe4 Nd7 5. Bc4 e6 6. Qe2 Be7 7. d4 Nb6 8. Bb3 h6 9. O-O Nf6 10. Ng3 O-O 11. Rd1 Qc7 12. Ne5 c5 13. c3 cxd4 14. cxd4 Nbd5 15. Bd2 Bd6 16. Rac1 Qe7 17. Ne4 Nxe4 18. Qxe4 Rd8 19. a3 Nf6 20. Qf3 Bd7 21. Nxd7 Nxd7 22. Rc3 Nf6 23. Rdc1 Nh7 24. Bc2 Qh4 25. Bxh7+ Kxh7 26. Qd3+ f5 27. g3 Qf6 28. Qf3 e5 29. d5 e4 30. Qe2 Be5 31. Rb3 Rxd5 32. Rxb7 Rad8 33. Be3 f4 34. Bxa7 e3 35. Rb6 exf2+ 36. Kg2 f3+ 37. Qxf3 Qxf3+ 38. Kxf3 Rf8+ 39. Ke2 Bd4 40. Rb7 Re5+ 41. Kf1 Rc8 42. Rb1 Bxa7 43. Rxa7 Rf8 44. b4 h5 45. b5 h4 46. Ra4 hxg3 47. hxg3 Re3 48. Rf4 Rxf4 49. gxf4 Rxa3 50. b6 Ra8 51. b7 Rb8 52. Rb6 Kg8 53. Kxf2 Kf7 54. Kf3 Ke7 55. Kg4 Kf7 56. f5 Kf8 57. Kg5 Kf7 58. Rb1 Ke7 59. Kg6 Kf8 60. Rb2 Kg8 61. Rc2 1-0

[Event "Outaouais-ch A"]
[Site "Hull CAN"]
[Date "1997.05.25"]
[Round "3"]
[White "Charbonneau, Alain"]
[Black "Cote, Jacques"]
[Result "0-1"]
[WhiteElo "1843"]
[BlackElo "2090"]
[PlyCount "116"]
[GameId "2160767911965756"]
[EventDate "1997.05.24"]
[EventType "tourn"]
[EventRounds "7"]
[EventCountry "CAN"]

1. Nf3 f5 2. c4 Nf6 3. g3 g6 4. Bg2 Bg7 5. O-O O-O 6. d3 d6 7. Nc3 e5 8. Rb1 c6 9. Qc2 Qe8 10. e4 Na6 11. b4 fxe4 12. Nxe4 Nxe4 13. dxe4 Bg4 14. Ne1 Nc7 15. Be3 b6 16. Qd2 Rd8 17. Nc2 Qf7 18. Rfc1 d5 19. cxd5 cxd5 20. Bg5 Rd7 21. Ne3 dxe4 22. Rxc7 Rxc7 23. Nxg4 Rd7 24. Qe2 Qf5 25. Nh6+ Bxh6 26. Bxh6 e3 27. Rf1 exf2+ 28. Rxf2 Qb1+ 29. Rf1 Rxf1+ 30. Bxf1 Qxb4 31. Qf3 Qd4+ 32. Kh1 Qd6 33. Bc4+ Kh8 34. Qa8+ Rd8 35. Qe4 Qd1+ 36. Kg2 Qd4 37. Qxd4 exd4 38. Bg5 Rd6 39. Be7 Rc6 40. Bd5 Rc2+ 41. Kh3 Kg7 42. Bb3 Re2 43. Bd6 d3 44. Bc4 Re3 45. Bb4 a5 46. Bd2 Re2 47. Bc3+ Kf8 48. Bf6 Rf2 49. Bd4 d2 50. Bb3 Rf3 51. Bc2 b5 52. Kg2 Rd3 53. Bc5+ Ke8 54. Bd1 Rc3 55. Bb6 Rc1 56. Be2 d1=Q 57. Bxd1 Rxd1 58. Bxa5 Ra1 0-1

[Event "Outaouais-ch A"]
[Site "Hull CAN"]
[Date "1997.05.25"]
[Round "3"]
[White "Duquette, Patrick"]
[Black "Arsenault, Michel"]
[Result "1-0"]
[WhiteElo "1709"]
[BlackElo "1840"]
[PlyCount "135"]
[GameId "2160767911965757"]
[EventDate "1997.05.24"]
[EventType "tourn"]
[EventRounds "7"]
[EventCountry "CAN"]

1. d4 f5 2. Nf3 Nf6 3. g3 e6 4. Bg2 Be7 5. c4 O-O 6. O-O d6 7. Nc3 Qe8 8. Bf4 Nh5 9. e3 Nxf4 10. exf4 Bf6 11. Re1 Nc6 12. d5 Nd8 13. dxe6 Bxe6 14. Nd5 Qd7 15. Qd2 Kh8 16. Rad1 Bg8 17. b3 Rb8 18. Nxf6 Rxf6 19. Nd4 Nc6 20. Nxc6 bxc6 21. Qa5 Rff8 22. Qa4 Rb6 23. Qxa7 Rbb8 24. Qd4 Rfe8 25. Qd2 Rbd8 26. Qd3 Rxe1+ 27. Rxe1 d5 28. cxd5 cxd5 29. Re5 c5 30. Rxf5 c4 31. bxc4 dxc4 32. Qxd7 Rxd7 33. Rc5 Ra7 34. Rc8 Rxa2 35. Bd5 h6 36. Rxg8+ Kh7 37. Rc8 Rd2 38. Bxc4 Kg6 39. Bb3 Rb2 40. Bd5 Kf5 41. Re8 g5 42. fxg5 hxg5 43. Kg2 Rb4 44. g4+ Rxg4+ 45. Kf1 Rh4 46. h3 Rd4 47. Be6+ Kf6 48. Bg4 Rb4 49. Re6+ Kf7 50. Rd6 Ra4 51. Ke2 Ra2+ 52. Ke3 Rb2 53. f3 Rb4 54. Rd4 Rb6 55. Ke4 Kf6 56. Kd5 Rb5+ 57. Kc6 Rb2 58. Rd6+ Kf7 59. Bh5+ Ke7 60. Rg6 Rc2+ 61. Kb5 Rb2+ 62. Kc4 Rc2+ 63. Kd3 Rc5 64. Ke3 Ra5 65. Kf2 Rc5 66. Kg3 Ra5 67. Kg4 Kf8 68. Rxg5 1-0

[Event "Outaouais-ch A"]
[Site "Hull CAN"]
[Date "1997.05.25"]
[Round "3"]
[White "Menard, Marc"]
[Black "Laurin, Jacques"]
[Result "0-1"]
[WhiteElo "1532"]
[BlackElo "1882"]
[PlyCount "104"]
[GameId "2160767911965758"]
[EventDate "1997.05.24"]
[EventType "tourn"]
[EventRounds "7"]
[EventCountry "CAN"]

1. e4 e6 2. d4 d5 3. Nc3 Bb4 4. Bd2 Bxc3 5. Bxc3 dxe4 6. Qg4 Nf6 7. Qxg7 Rg8 8. Qh6 Nbd7 9. Ne2 b6 10. O-O-O Ng4 11. Qf4 Qg5 12. Be1 e3 13. f3 Nf2 14. Bxf2 exf2 15. Kb1 Nf6 16. Qxc7 Bd7 17. Nc3 Qa5 18. Qe5 Nd5 19. Nxd5 Qxd5 20. Qxd5 exd5 21. Rd2 O-O-O 22. Ba6+ Kc7 23. Rxf2 b5 24. a4 bxa4 25. Re1 Kb6 26. Bd3 Ka5 27. Re5 Be6 28. Rfe2 Kb4 29. Ka2 Rd6 30. c3+ Ka5 31. g4 Kb6 32. h3 h6 33. f4 Bd7 34. Re7 h5 35. Bf5 Bxf5 36. gxf5 Rf6 37. R2e5 Rg3 38. Rxd5 Rxh3 39. Ree5 a6 40. Rd7 Rf3 41. Ree7 Rxf4 42. c4 R4xf5 43. Rb7+ Ka5 44. Ra7 h4 45. Reb7 h3 46. d5 Rb6 47. Rxf7 Rh5 48. Rh7 Rhh6 49. Rhc7 h2 50. c5 h1=Q 51. cxb6 Qxd5+ 52. Kb1 Qd3+ 0-1

[Event "Outaouais-ch A"]
[Site "Hull CAN"]
[Date "1997.05.25"]
[Round "4"]
[White "Arsenault, Michel"]
[Black "Laurin, Jacques"]
[Result "1-0"]
[WhiteElo "1840"]
[BlackElo "1882"]
[PlyCount "77"]
[GameId "2160767911965759"]
[EventDate "1997.05.24"]
[EventType "tourn"]
[EventRounds "7"]
[EventCountry "CAN"]

1. e4 d6 2. d4 Nf6 3. Nc3 e6 4. f4 Be7 5. Nf3 b6 6. Bd3 Bb7 7. Qe2 Nbd7 8. O-O c6 9. a4 a6 10. f5 exf5 11. e5 dxe5 12. dxe5 Ne4 13. Nxe4 fxe4 14. Bxe4 O-O 15. Bf4 Nc5 16. Bf5 Ne6 17. Bxe6 fxe6 18. Rad1 Qe8 19. Qc4 Bc5+ 20. Kh1 a5 21. Ng5 Ba6 22. Qb3 Bxf1 23. Rxf1 Kh8 24. Nxe6 Rf7 25. Ng5 Rf5 26. e6 Ra7 27. Qd3 Qf8 28. g4 Rxg5 29. Bxg5 Qe8 30. Qf5 Qg8 31. Re1 Be7 32. Bxe7 Rxe7 33. Qe4 Qc8 34. Qe5 c5 35. Qd6 Qa8+ 36. Kg1 Re8 37. e7 Qf3 38. Qe6 Rxe7 39. Qc8+ 1-0

[Event "Outaouais-ch A"]
[Site "Hull CAN"]
[Date "1997.05.25"]
[Round "4"]
[White "Cote, Jacques"]
[Black "Groleau, Gilles"]
[Result "1/2-1/2"]
[WhiteElo "2090"]
[BlackElo "2007"]
[PlyCount "172"]
[GameId "2160767911965760"]
[EventDate "1997.05.24"]
[EventType "tourn"]
[EventRounds "7"]
[EventCountry "CAN"]

1. d4 Nf6 2. c4 e6 3. Nf3 b6 4. a3 Bb7 5. Nc3 d5 6. cxd5 exd5 7. g3 Be7 8. Qa4+ c6 9. Bg2 O-O 10. Bf4 Nbd7 11. O-O b5 12. Qc2 a5 13. Ne5 Nxe5 14. Bxe5 Nd7 15. Bf4 f5 16. Bh3 g6 17. Bh6 Rf7 18. Rad1 Bg5 19. Bxg5 Qxg5 20. Bg2 Re8 21. e3 Qe7 22. Ne2 Nb6 23. Nf4 Qd6 24. Nd3 Rc7 25. Rfe1 Nd7 26. Qc3 Ra8 27. Nc5 Nxc5 28. dxc5 Qe7 29. Rd4 Rcc8 30. g4 fxg4 31. Rxg4 Rf8 32. e4 dxe4 33. Bxe4 Qf6 34. Qxf6 Rxf6 35. Bc2 Raf8 36. Bb3+ Kg7 37. Re7+ Kh6 38. Rxb7 Rxf2 39. Be6 Rf1+ 40. Kg2 R8f3 41. Rg3 R1f2+ 42. Kh3 Rf8 43. b3 Rc2 44. Kg4 Rxc5 45. Rh3+ Rh5 46. Rxh5+ gxh5+ 47. Kg3 Rf6 48. Bf7 Rd6 49. Rb6 a4 50. bxa4 bxa4 51. Bc4 Rg6+ 52. Kf2 Kg5 53. Ra6 Kh4 54. Rxa4 Rf6+ 55. Kg1 Rg6+ 56. Kh1 Kg5 57. Be2 Rg7 58. Ra5+ Kf4 59. Bxh5 Ke3 60. a4 Kd4 61. Rf5 c5 62. Bf7 c4 63. Rf4+ Ke3 64. Rf6 c3 65. Bb3 Rb7 66. Re6+ Kd2 67. Rd6+ Kc1 68. Bd1 c2 69. Bxc2 Kxc2 70. a5 Kc3 71. a6 Ra7 72. h4 Kc4 73. Kg2 Kb5 74. Kg3 Kc5 75. Rf6 Kd5 76. Kf4 Rg7 77. Rb6 Ra7 78. Kg5 Ke5 79. h5 Rg7+ 80. Kh6 Ra7 81. Rb7 Rxa6+ 82. Kxh7 Kf6 83. h6 Kg5 84. Rb5+ Kf6 85. Rb8 Kg5 86. Rb5+ Kf6 1/2-1/2

[Event "Outaouais-ch A"]
[Site "Hull CAN"]
[Date "1997.05.25"]
[Round "4"]
[White "Duquette, Patrick"]
[Black "Charbonneau, Alain"]
[Result "0-1"]
[WhiteElo "1709"]
[BlackElo "1843"]
[PlyCount "80"]
[GameId "2160767911965761"]
[EventDate "1997.05.24"]
[EventType "tourn"]
[EventRounds "7"]
[EventCountry "CAN"]

1. d4 Nf6 2. c4 e6 3. Nc3 Bb4 4. e3 O-O 5. Bd3 d5 6. a3 Bxc3+ 7. bxc3 dxc4 8. Bxc4 c5 9. Nf3 Nc6 10. O-O Qc7 11. Qe2 Bd7 12. Bb2 Rab8 13. e4 b5 14. Ba2 c4 15. Bb1 e5 16. d5 Na5 17. Bc2 Rfc8 18. Qe3 Rb6 19. Nd2 Ng4 20. Qe2 Rg6 21. Nf3 Rb6 22. Rab1 Nb7 23. Bc1 a5 24. Nh4 Qd8 25. Nf5 Bxf5 26. exf5 Nf6 27. Be3 Nc5 28. Rfd1 Qd6 29. f3 Rcb8 30. Kh1 e4 31. fxe4 Ncxe4 32. Qf3 Nxc3 33. Bf4 Qxa3 34. Ra1 Qb2 35. Bxb8 Nxd1 36. Qxd1 Rxb8 37. d6 b4 38. d7 Nxd7 39. Rb1 Qa2 40. Qxd7 Qxc2 0-1

[Event "Outaouais-ch A"]
[Site "Hull CAN"]
[Date "1997.05.31"]
[Round "5"]
[White "Groleau, Gilles"]
[Black "Duquette, Patrick"]
[Result "1/2-1/2"]
[WhiteElo "2007"]
[BlackElo "1709"]
[PlyCount "74"]
[GameId "2160767911965762"]
[EventDate "1997.05.24"]
[EventType "tourn"]
[EventRounds "7"]
[EventCountry "CAN"]

1. e4 c5 2. Nf3 d6 3. Bb5+ Nd7 4. O-O a6 5. Bxd7+ Bxd7 6. d4 cxd4 7. Nxd4 Nf6 8. Nc3 e6 9. Be3 b5 10. a3 Be7 11. Kh1 Rb8 12. f4 O-O 13. e5 Ne8 14. Qf3 Qc8 15. Bd2 f6 16. exd6 Nxd6 17. Rae1 Nc4 18. Bc1 Re8 19. Nd1 Bc5 20. Nb3 Bb6 21. c3 Bc6 22. Qe2 e5 23. f5 Bd5 24. Nd2 Nxd2 25. Qxd2 Rd8 26. Qc2 Bc4 27. Rf3 e4 28. Rg3 Qxf5 29. Ne3 Bxe3 30. Bxe3 Rd3 31. Kg1 Rbd8 32. Qf2 Qe6 33. Bd4 Rxg3 34. Qxg3 Bd3 35. h3 Qd6 36. Qg4 Qd7 37. Qg3 Qd6 1/2-1/2

[Event "Outaouais-ch A"]
[Site "Hull CAN"]
[Date "1997.05.31"]
[Round "5"]
[White "Menard, Marc"]
[Black "Cote, Jacques"]
[Result "0-1"]
[WhiteElo "1532"]
[BlackElo "2090"]
[PlyCount "88"]
[GameId "2160767911965763"]
[EventDate "1997.05.24"]
[EventType "tourn"]
[EventRounds "7"]
[EventCountry "CAN"]

1. e4 c5 2. Nf3 d6 3. Bb5+ Nc6 4. c3 Bd7 5. d4 Nf6 6. Nbd2 cxd4 7. Nxd4 e6 8. O-O Be7 9. Re1 O-O 10. N2f3 Qc7 11. Bg5 Rad8 12. Rc1 Rfe8 13. Nxc6 Bxc6 14. Bxc6 Qxc6 15. Nd4 Qa6 16. Qf3 Nd7 17. Bxe7 Rxe7 18. Qg3 Nc5 19. Rcd1 Red7 20. b4 Na4 21. Rd3 Qc4 22. Rf3 Nxc3 23. Rxc3 Qxd4 24. a3 a6 25. Rd3 Qb6 26. Red1 Qc6 27. Qg4 Qc4 28. Rg3 f5 29. Qg5 Qxe4 30. h3 g6 31. h4 f4 32. Rf3 e5 33. h5 Qf5 34. Qxf5 gxf5 35. Rfd3 d5 36. Kh2 d4 37. g3 e4 38. R3d2 e3 39. fxe3 fxe3 40. Re2 Kf7 41. Kh3 Ke6 42. Rc1 Ke5 43. Kg2 Ke4 44. Rc4 b5 0-1

[Event "Outaouais-ch A"]
[Site "Hull CAN"]
[Date "1997.05.31"]
[Round "6"]
[White "Charbonneau, Alain"]
[Black "Groleau, Gilles"]
[Result "1-0"]
[WhiteElo "1843"]
[BlackElo "2007"]
[PlyCount "42"]
[GameId "2160767911965764"]
[EventDate "1997.05.24"]
[EventType "tourn"]
[EventRounds "7"]
[EventCountry "CAN"]

1. d4 Nf6 2. c4 e6 3. Nf3 b6 4. a3 Bb7 5. Nc3 d5 6. cxd5 exd5 7. Bf4 Be7 8. e3 O-O 9. Be2 c5 10. Ne5 cxd4 11. exd4 Nbd7 12. O-O Nxe5 13. dxe5 Ne4 14. Nxe4 dxe4 15. Qa4 Qc8 16. Rac1 Qf5 17. Bg3 Rfc8 18. h3 h5 19. Rxc8+ Bxc8 20. Qc6 Rb8 21. e6 Bb7 1-0

[Event "Outaouais-ch A"]
[Site "Hull CAN"]
[Date "1997.05.31"]
[Round "6"]
[White "Duquette, Patrick"]
[Black "Menard, Marc"]
[Result "1-0"]
[WhiteElo "1709"]
[BlackElo "1532"]
[PlyCount "53"]
[GameId "2160767911965765"]
[EventDate "1997.05.24"]
[EventType "tourn"]
[EventRounds "7"]
[EventCountry "CAN"]

1. d4 c5 2. Nf3 d5 3. c4 Nf6 4. cxd5 Bg4 5. Ne5 Qxd5 6. Nc3 Qxd4 7. Qxd4 cxd4 8. Nb5 Na6 9. Nxd4 Rd8 10. e3 Nc5 11. f3 Bd7 12. Bd2 g6 13. Rc1 Rc8 14. Nxd7 Nfxd7 15. b4 Bg7 16. bxc5 O-O 17. Nb3 Rfd8 18. Bb5 Nf6 19. e4 a6 20. Bc4 Rc6 21. Ke2 Rdc8 22. Rhd1 b5 23. Bd5 R6c7 24. Bf4 Rd7 25. c6 Rdd8 26. c7 Rd7 27. Bb7 1-0

[Event "Outaouais-ch A"]
[Site "Hull CAN"]
[Date "1997.05.31"]
[Round "6"]
[White "Laurin, Jacques"]
[Black "Cote, Jacques"]
[Result "1/2-1/2"]
[WhiteElo "1882"]
[BlackElo "2090"]
[PlyCount "128"]
[GameId "2160767911965766"]
[EventDate "1997.05.24"]
[EventType "tourn"]
[EventRounds "7"]
[EventCountry "CAN"]

1. d4 Nf6 2. c4 g6 3. g3 Bg7 4. Bg2 d5 5. Nf3 c6 6. b3 Ne4 7. Bb2 Qa5+ 8. Nfd2 Bf5 9. f3 Nd6 10. Bc3 Qc7 11. e4 Be6 12. e5 Nf5 13. Qe2 c5 14. g4 cxd4 15. gxf5 dxc3 16. Nxc3 Qxe5 17. Qxe5 Bxe5 18. fxe6 Bxc3 19. exf7+ Kxf7 20. O-O-O Bxd2+ 21. Rxd2 dxc4 22. f4 c3 23. Rc2 Nc6 24. Bxc6 bxc6 25. Rxc3 Rac8 26. Re1 Rhd8 27. Re4 Rd5 28. Ra4 a5 29. Rac4 Rf5 30. Kd2 Rh5 31. h3 c5 32. Ke2 Rc6 33. Kf2 Rd6 34. Kg3 Rd2 35. Ra4 Rhd5 36. Rxa5 R5d3+ 37. Rxd3 Rxd3+ 38. Kh4 Rc3 39. Rb5 Kf6 40. a4 h5 41. a5 c4 42. Rc5 Rxb3 43. Rxc4 Ra3 44. Rc6+ Kf5 45. a6 e5 46. a7 Rxa7 47. fxe5 Ra4+ 48. Kg3 h4+ 49. Kg2 Ra2+ 50. Kg1 g5 51. e6 Re2 52. Rc5+ Kf6 53. Rc6 Re3 54. e7+ Kxe7 55. Rg6 Rg3+ 56. Kh2 Kf7 57. Ra6 Kg7 58. Rd6 Rf3 59. Kg2 Rf6 60. Rxf6 Kxf6 61. Kf3 Kf5 62. Ke3 g4 63. hxg4+ Kxg4 64. Kf2 h3 1/2-1/2

[Event "Outaouais-ch A"]
[Site "Hull CAN"]
[Date "1997.06.01"]
[Round "7"]
[White "Groleau, Gilles"]
[Black "Arsenault, Michel"]
[Result "1/2-1/2"]
[WhiteElo "2007"]
[BlackElo "1840"]
[PlyCount "95"]
[GameId "2160767911965767"]
[EventDate "1997.05.24"]
[EventType "tourn"]
[EventRounds "7"]
[EventCountry "CAN"]

1. e4 c5 2. Nf3 e6 3. Be2 Nc6 4. O-O Nge7 5. Re1 d5 6. exd5 Nxd5 7. Bb5 Bd7 8. d4 Nxd4 9. Nxd4 cxd4 10. Bxd7+ Qxd7 11. Qxd4 Nf6 12. Qxd7+ Nxd7 13. b3 Rc8 14. c4 Be7 15. Bb2 O-O 16. Na3 a6 17. Rad1 Nf6 18. Rd3 Rfd8 19. Red1 Rxd3 20. Rxd3 b5 21. Kf1 h6 22. Bxf6 gxf6 23. Nc2 bxc4 24. Rc3 f5 25. Ne3 Bf6 26. Rxc4 Rxc4 27. Nxc4 Kf8 28. Ke2 Ke7 29. Kd3 Kd7 30. Ne3 Kc6 31. Kc4 f4 32. Ng4 Bg7 33. f3 f5 34. Nf2 Be5 35. b4 Bb8 36. Nd3 Bd6 37. a4 Kb6 38. Nc1 e5 39. Nb3 Kc6 40. h3 Bf8 41. b5+ axb5+ 42. axb5+ Kb6 43. Kd5 Kxb5 44. Kxe5 Kc4 45. Nc1 Kc3 46. Ne2+ Kd2 47. Nxf4 Ke3 48. Kxf5 1/2-1/2

[Event "Outaouais-ch A"]
[Site "Hull CAN"]
[Date "1997.06.01"]
[Round "7"]
[White "Laurin, Jacques"]
[Black "Duquette, Patrick"]
[Result "0-1"]
[WhiteElo "1882"]
[BlackElo "1709"]
[PlyCount "94"]
[GameId "2160767911965768"]
[EventDate "1997.05.24"]
[EventType "tourn"]
[EventRounds "7"]
[EventCountry "CAN"]

1. c4 Nf6 2. Nc3 g6 3. Nf3 Bg7 4. e4 d6 5. d4 O-O 6. Be2 e5 7. d5 a5 8. O-O Na6 9. Ne1 Nc5 10. f3 Nh5 11. Nd3 Nxd3 12. Qxd3 Nf4 13. Bxf4 exf4 14. Qd2 Be5 15. Rab1 h5 16. Bd1 Bd7 17. Ne2 g5 18. g3 Qf6 19. Kf2 fxg3+ 20. hxg3 h4 21. gxh4 gxh4 22. f4 Qh6 23. Ke1 Bg7 24. Rg1 Kh8 25. f5 Rg8 26. Nf4 Kh7 27. Nh3 Qxd2+ 28. Kxd2 Be5 29. Bh5 Rxg1 30. Rxg1 Rg8 31. Bxf7 Rxg1 32. Nxg1 Bxb2 33. Nh3 Kg7 34. Bh5 Be5 35. Bg4 Kf6 36. Bd1 c5 37. a4 Be8 38. Ke3 Bb2 39. Kf4 Bc1+ 40. Kg4 Ke5 41. Nf2 Be3 42. Kf3 Bxf2 43. Kxf2 Kxe4 44. Bg4 Ke5 45. Ke3 Bxa4 46. Kd3 Kf6 47. Bh3 Bd7 0-1

[Event "Outaouais-ch B"]
[Site "Hull CAN"]
[Date "1997.05.31"]
[Round "1"]
[White "Seguin, Hubert"]
[Black "Bussiere, Denis"]
[Result "0-1"]
[WhiteElo "1619"]
[BlackElo "1562"]
[PlyCount "102"]
[GameId "2160767911965725"]
[EventDate "1997.05.31"]
[EventType "tourn"]
[EventRounds "5"]
[EventCountry "CAN"]

1. e4 c6 2. d4 d5 3. Nc3 dxe4 4. Nxe4 Bf5 5. Ng3 Bg6 6. Nf3 Nd7 7. Bd3 e6 8. O-O Ngf6 9. Re1 Be7 10. Bxg6 hxg6 11. Qe2 Nh7 12. Ne5 Nxe5 13. dxe5 Qc7 14. f4 O-O-O 15. Be3 Kb8 16. a4 Nf8 17. Red1 Nd7 18. Ne4 Qa5 19. c3 c5 20. Nd6 Bxd6 21. Rxd6 Nb6 22. Qd3 Nd5 23. Rxd8+ Qxd8 24. g3 Nxe3 25. Qxe3 Qd5 26. c4 Qxc4 27. Rc1 Qd4 28. Qxd4 cxd4 29. Rc4 Rd8 30. Kf2 a5 31. Ke2 d3+ 32. Kd2 Ka7 33. Rc3 Kb6 34. Rxd3 Rxd3+ 35. Kxd3 Kc5 36. Kc3 b5 37. axb5 Kxb5 38. Kb3 f6 39. h3 fxe5 40. fxe5 g5 41. h4 gxh4 42. gxh4 g6 43. Ka3 a4 44. Ka2 Kb4 45. Ka1 a3 46. Ka2 axb2 47. Kxb2 Kc4 48. Kc2 Kd4 49. Kd2 Kxe5 50. Ke3 Kf5 51. Kf3 e5 0-1

[Event "Outaouais-ch B"]
[Site "Hull CAN"]
[Date "1997.05.31"]
[Round "2"]
[White "Bussiere, Denis"]
[Black "Arseneau, Peter"]
[Result "0-1"]
[WhiteElo "1562"]
[BlackElo "1558"]
[PlyCount "38"]
[GameId "2160767911965726"]
[EventDate "1997.05.31"]
[EventType "tourn"]
[EventRounds "5"]
[EventCountry "CAN"]

1. e4 e5 2. Nc3 Nf6 3. g3 Bc5 4. Bg2 d6 5. Nge2 Nc6 6. Na4 Be6 7. Nxc5 dxc5 8. b3 Qd7 9. d3 Bh3 10. O-O h5 11. Bg5 h4 12. Bxf6 hxg3 13. Nxg3 gxf6 14. Qf3 O-O-O 15. Nf5 Rdg8 16. Ne3 Nd4 17. Qxf6 Bxg2 18. Nxg2 Rxg2+ 19. Kh1 Rhxh2# 0-1

[Event "Outaouais-ch B"]
[Site "Hull CAN"]
[Date "1997.05.31"]
[Round "2"]
[White "Jolicoeur, Alain"]
[Black "Roy, Roger"]
[Result "0-1"]
[WhiteElo "1755"]
[BlackElo "1781"]
[PlyCount "37"]
[GameId "2160767911965727"]
[EventDate "1997.05.31"]
[EventType "tourn"]
[EventRounds "5"]
[EventCountry "CAN"]

1. d4 Nf6 2. c4 g6 3. Nc3 d5 4. cxd5 Nxd5 5. e4 Nxc3 6. bxc3 Bg7 7. Bc4 O-O 8. Ne2 c5 9. Be3 Qa5 10. O-O cxd4 11. cxd4 Nc6 12. d5 Ne5 13. Bb3 b5 14. Bd2 Qb6 15. Be3 Qf6 16. Bd4 Bg4 17. f4 Bxe2 18. Bxe5 Qb6+ 19. Qd4 0-1

[Event "Outaouais-ch B"]
[Site "Hull CAN"]
[Date "1997.05.31"]
[Round "2"]
[White "Seguin, Hubert"]
[Black "Danis, Jacques"]
[Result "1-0"]
[WhiteElo "1619"]
[BlackElo "1609"]
[PlyCount "53"]
[GameId "2160767911965728"]
[EventDate "1997.05.31"]
[EventType "tourn"]
[EventRounds "5"]
[EventCountry "CAN"]

1. e4 d5 2. exd5 Nf6 3. d4 Nxd5 4. c4 Nf6 5. Nf3 e6 6. Nc3 Bb4 7. Bd2 O-O 8. Qc2 Nc6 9. a3 Be7 10. Be3 Ng4 11. Bd3 g6 12. O-O-O Nxe3 13. fxe3 Bg5 14. Nxg5 Qxg5 15. Qd2 Bd7 16. h4 Qe7 17. h5 Rae8 18. hxg6 fxg6 19. Rh6 e5 20. Bxg6 hxg6 21. Rxg6+ Kh7 22. Rg3 Qh4 23. Qe1 Qh6 24. Ne4 exd4 25. Qh1 Rf5 26. Rh3 Rh5 27. Rxh5 1-0